000 00685nam a22001937a 4500
010 _aENG-143729
020 _a9788198333377
_c1695.00
035 _aEN-127261
037 _bDBAD
082 _a332.6457
100 _aParekh , Sandeep
_977365
245 _aFraud, Manipulation and Insider trading in the Indian Securities Markets /
_cby Sandeep Parekh ; forwarded by M. Damodaran
250 _a5th
260 _aHaryana
_bLexis Nexis
_c2025
270 _a4th Floor, Building No.10, Tower-B, DLF Cyber City, Phase-II Gurgaon,
_bHaryana
_e 122002
300 _axliii,653p.:
_billus.
_c24cm(Hb)
700 _aDamodaran ,M.
_977366
942 _2ddc
_cEN
_h332.6457
_mPAR
999 _c208935
_d208935